000
00219nam a22000857a 4500
008
170207b xxu||||| |||| 00| 0 eng d
100
_9
2795
_a
Dunn. J
245
_a
The Little Lamb
260
_a
New York
_b
Random Publication
_c
1977
999
_c
5993
_d
5993